| 000 | 00377pab a2200145 454500 | ||
|---|---|---|---|
| 008 | 180718b2006 xxu||||| |||| 00| 0 eng d | ||
| 100 | _aShukla, R.P. | ||
| 245 | _aTraditional and modern Naga values with reference to socio-cultural traditions | ||
| 260 | _c2006 | ||
| 300 | _ap.79-84. | ||
| 362 | _a30 Jan | ||
| 650 | _aTribes | ||
| 773 | _aUniversity News | ||
| 909 | _a68772 | ||
| 999 |
_c68772 _d68772 |
||